000 00387nam a2200133Ia 4500
005 20260328104336.0
008 260328s9999||||xx |||||||||||||| ||und||
100 _aSaldarriaga Roa, Alberto
245 0 _aLa Arquitectura Como Experiencia. Espacio, Cuerpo y Sensibilidad /
_cAlberto Saldarriaga Roa
260 _bVillegas Editores
300 _a319 p.
650 _aTEORÍA
942 _cBK
999 _c11887
_d11887